Bytový dom

Uložené v:
Podrobná bibliografia
Hlavný autor: Drinóczi, Tomáš (Autor)
Ďalší autori: Petro, Marek (Vedúci práce)
Médium: Rukopis Kniha
Jazyk:Slovak
Vydavateľské údaje: 2015
Predmet:
On-line prístup:http://is.stuba.sk/zp/portal_zp.pl?podrobnosti=108572
https://opac.crzp.sk/?fn=detailBiblioForm&sid=FF44C990A7CA883E4E8759929FD7
Tagy: Pridať tag
Žiadne tagy, Buďte prvý, kto otaguje tento záznam!

MARC

LEADER 00000ntm a22000003a 4500
001 stuzp51310
003 SK-STU
005 20230810092932.2
007 ta
008 150427s2015----xo-----f-mn---000-0-slo-d
040 |a STU  |b slo 
041 0 |a slo 
100 1 |a Drinóczi, Tomáš  |u 010270  |4 aut  |U SvF Stavebná fakulta  |T SvF Katedra technológie stavieb  |X 66812  |U V270  |Y 28  |7 66812 
242 0 1 |a Apartment building  |y eng 
245 1 0 |a Bytový dom 
260 |c 2015 
650 4 |a Projekt organizácie výstavby  |2 slo 
650 4 |a Zemné práce  |2 slo 
650 4 |a Časový plán  |2 slo 
650 4 |a project construction organization  |2 eng 
650 4 |a earthworks  |2 eng 
650 4 |a time schedule  |2 eng 
700 1 |a Petro, Marek  |4 ths  |X 18958  |7 A000018958 
856 4 |u http://is.stuba.sk/zp/portal_zp.pl?podrobnosti=108572 
856 4 |u https://opac.crzp.sk/?fn=detailBiblioForm&sid=FF44C990A7CA883E4E8759929FD7 
SQL |a stuzp51310  |b DBP  |c SLO  |d Bytový dom  |e 66812  |f Drinóczi, Tomáš  |g 010270  |h 18958  |i Petro, Marek  |j 20150623  |k 6  |l 01  |m http://is.stuba.sk/zp/portal_zp.pl?podrobnosti=108572  |n B-TMS  |o 5.2.8. stavebníctvo